Souvenir (of the) Everest bi-centenary celebration, 4-5 October 1990. (Record no. 96002)

MARC details
000 -LEADER
fixed length control field 00550cam a2200217 4500
001 - CONTROL NUMBER
control field J512
008 - FIXED-LENGTH DATA ELEMENTS--GENERAL INFORMATION
fixed length control field 090401t1990 xxu||||| |||| 00| 0 eng d
035 ## - SYSTEM CONTROL NUMBER
System control number (Sirsi) u75374
041 ## - LANGUAGE CODE
Language code of text/sound track or separate title eng
050 ## - LIBRARY OF CONGRESS CALL NUMBER
Classification number 526.90954
110 ## - MAIN ENTRY--CORPORATE NAME
Corporate name or jurisdiction name as entry element Survey of India
9 (RLIN) 2931
245 ## - TITLE STATEMENT
Title Souvenir (of the) Everest bi-centenary celebration, 4-5 October 1990.
260 ## - PUBLICATION, DISTRIBUTION, ETC.
Name of publisher, distributor, etc. Survey of India
Date of publication, distribution, etc. 1990
300 ## - PHYSICAL DESCRIPTION
Extent (148)p. : ill. ; 30cm.
350 ## - PRICE (NR) (BK AM CF MU VM SE) [OBSOLETE]
Price 0
650 ## - SUBJECT ADDED ENTRY--TOPICAL TERM
Topical term or geographic name entry element INDIA
650 ## - SUBJECT ADDED ENTRY--TOPICAL TERM
Topical term or geographic name entry element LAND SURVEYING
690 ## - LOCAL SUBJECT ADDED ENTRY--TOPICAL TERM (OCLC, RLIN)
Topical term or geographic name as entry element LAND SURVEYING
942 ## - ADDED ENTRY ELEMENTS (KOHA)
Suppress in OPAC 0
948 ## - LOCAL PROCESSING INFORMATION (OCLC); SERIES PART DESIGNATOR (RLIN)
c (OCLC) 04/03/1997
Holdings
Withdrawn status Lost status Source of classification or shelving scheme Damaged status Not for loan Home library Current library Shelving location Date acquired Total Checkouts Full call number Barcode Date last seen Copy number Price effective from Koha item type
    Dewey Decimal Classification     London London Basement 18/02/1992   SHELF 205 30025867 06/08/2019 1 06/08/2019 Book